Statistics for Top Cocktail Ingredients

Click here to take the quiz!

General Stats

  • This quiz has been taken 42,608 times
    (31,892 since last reset)
  • The average score is 11 of 21

Answer Stats

Rank Ingredient % Correct
1Vodka
96%
2Rum
86%
13Whisky
84%
4Gin
82%
3Orange Juice
81%
8Lemon Juice
76%
10Soda Water / 7-Up
69%
14Lime Juice
69%
12Tequila
64%
20Sugar
48%
16Cranberry Juice
42%
9Pineapple Juice
42%
7Cream / Milk
38%
6Grenadine
35%
21Brandy
35%
5Triple Sec
31%
17Coffee Liqueur
31%
19Peach Schnapps
25%
11Irish Cream
20%
18Blue Curacao
15%
15Amaretto
11%

Score Distribution

Percentile by Number Answered

Percent of People with Each Score

Your Score History

You have not taken this quiz since the last reset